[Event "VIII Floripa Open 2022"]
[Site "Florianopolis"]
[Date "2022.01.30"]
[Round "9.8"]
[White "Alboredo, Julia"]
[Black "Rodriguez Vila, Andres"]
[Result "1/2-1/2"]
[WhiteElo "2200"]
[BlackElo "2473"]
[Annotator "TA"]
[PlyCount "135"]
[EventDate "2022.01.24"]
[EventType "swiss"]
[EventCountry "BRA"]
[SourceTitle "playchess.com"]
[Source "ChessBase"]
[SourceQuality "1"]

{[%evp 14,135,47,25,33,37,34,36,45,13,44,0,60,0,0,-12,-5,-4,-2,-14,2,2,2,2,25,30,43,43,43,50,50,50,50,50,122,133,275,275,275,275,275,275,275,243,225,242,369,202,172,144,171,168,258,0,0,0,0,0,0,0,0,0,0,0,0,0,0,0,0,0,0,0,0,0,0,0,12,0,91,91,91,98,336,334,331,324,269,268,262,0,0,0,0,0,0,0,0,0,0,0,0,0,0,0,0,0,0,0,0,0,0,0,0,0,201,120,120,120,120,0,0,0,120,0]} 1. e4 e6 2. d4 d5 3. Nc3 Bb4 4. e5 c5 5. a3 Bxc3+ 6. bxc3 Nc6 7. Qg4 g6 8. a4 ({But not} 8. dxc5 Nxe5 9. Bb5+ Bd7 $11) 8... Qa5 {C18: French: 3 Nc3 Bb4: Main line: 7 h4 and 7 Qg4.} 9. Bd2 Bd7 10. Nf3 c4 {White is slightly better.} 11. Qf4 h6 12. h4 (12. Be2 $14) 12... Rh7 (12... Nce7 $11) 13. g4 ({White should play} 13. Qe3 $14) 13... O-O-O $11 14. g5 h5 15. Bh3 Nce7 16. O-O {[#]} Kb8 $146 ({Predecessor:} 16... Bxa4 17. Rfb1 b5 18. Qe3 Kd7 19. Bc1 Ke8 20. Nd2 Kf8 21. Nb3 cxb3 22. cxb3 Kg7 23. bxa4 bxa4 {1-0 (36) Bosiocic,M (2607)-Weiss,O (2271) St Veit 2016}) 17. Rfb1 Ka8 18. Qe3 Nc8 19. Bc1 $1 Nge7 {[%cal Bg8e7,Be7c6,Bc6a5,Ba5c4][%mdl 32]} 20. Ba3 Bxa4 21. Nd2 $1 Nc6 22. Bc1 {[%cal Od2b3]} b5 23. Nb3 $1 cxb3 (23... Qc7 $1 $14) 24. cxb3 $16 Qc7 (24... Bxb3 $16 25. Rxa5 Nxa5) 25. bxa4 $18 bxa4 26. Ba3 ({Not} 26. Rxa4 Nb6 27. Raa1 Nc4 $14) 26... Na5 27. Bc5 Nc4 28. Qe1 N8b6 29. Bf1 Qc6 (29... Rb8 $142 30. Bxc4 dxc4) 30. Bxb6 (30. Rb4 $142) 30... Nxb6 (30... axb6 $2 31. Rb4 b5 32. Qb1 $18) 31. Bb5 Qc7 32. Bxa4 Rb8 (32... Nxa4 $142 33. Rxa4 Rb8) 33. Rb5 $2 ({White must play} 33. Bb5 $18) 33... Nxa4 $11 34. Rxb8+ Qxb8 35. Rxa4 {[%mdl 4096] Endgame KQR-KQR} Rh8 36. c4 dxc4 37. Rb4 {White wants to mate with Qe4+.} Qd8 38. Qc3 Qd5 {Inhibits Rb5.} 39. Rxc4 {Strongly threatening Rc8+.} Rb8 40. f3 Qb7 41. Kf2 Qb2+ 42. Qxb2 Rxb2+ {KR-KR} 43. Ke3 {[%cal Od4d5]} Kb7 44. d5 Rb3+ 45. Ke2 {Hoping for Rf4.} Rb5 (45... exd5 $11 {remains equal.} 46. Rf4 Kc6) 46. Rf4 $16 Rxd5 47. Rxf7+ Kb6 $2 (47... Kc6 $16 {was necessary.}) 48. Rf6 $18 {[%csl LRe6,LRg6]} Rxe5+ 49. Kd3 $1 a5 {[%cal Ba7a5,Ba5a4][%mdl 32]} (49... Rd5+ $2 50. Ke4 $18) 50. Rxg6 {Black must now prevent f4.} a4 {[#]} 51. Kc2 $2 ({Only move:} 51. Rg8 $1 $18 {aiming for g6.} Rf5 52. Ke4) 51... Re2+ $11 52. Kb1 Kc5 53. Rg8 Kd6 54. Ra8 Rf2 55. Rxa4 Rxf3 56. Kc2 e5 57. Ra6+ Kd5 58. Rh6 Rf2+ 59. Kd3 e4+ 60. Ke3 Rf3+ 61. Ke2 Kd4 62. Rxh5 {g6 is the strong threat.} Rg3 63. Rh8 e3 $2 {[#]} (63... Rg2+ $11 64. Kf1 Rg4) 64. Rd8+ (64. Re8 $1 $18) 64... Ke4 $16 65. Re8+ Kf4 66. Rf8+ (66. Kd3 $16) 66... Ke4 $1 $11 67. Re8+ ({White should try} 67. Rc8 $11) 67... Kf4 $1 $16 68. Rf8+ {Weighted Error Value: White=0.17 (very precise) /Black=0.24 (precise)} (68. Kd3 $16) 1/2-1/2

[Event "VIII Floripa Open 2022"]
[Site "Florianopolis"]
[Date "2022.01.30"]
[Round "9.9"]
[White "Matsuura, Everaldo"]
[Black "Federzoni, Enzo"]
[Result "1/2-1/2"]
[WhiteElo "2441"]
[BlackElo "2177"]
[Annotator "TA"]
[PlyCount "119"]
[EventDate "2022.01.24"]
[EventType "swiss"]
[EventCountry "BRA"]
[SourceTitle "playchess.com"]
[Source "ChessBase"]
[SourceQuality "1"]

{[%evp 13,119,28,19,20,20,-2,-7,-13,-9,-22,29,34,50,0,0,0,81,85,83,0,0,0,0,0,0,0,0,0,10,10,8,0,0,0,2,0,67,77,68,75,78,76,163,162,255,130,139,131,179,170,178,164,164,143,144,130,190,84,72,22,71,83,210,216,184,210,204,179,351,316,264,247,351,351,351,351,351,351,351,351,351,351,351,351,351,351,346,0,0,0,0,0,0,0,0,0,0,0,0,0,0,0,0,0,0,0,0,0]} 1. c4 g6 2. Nc3 c5 3. e3 Bg7 4. d4 {[%cal Bd2d4,Bd4d5][%mdl 32]} Nf6 5. d5 d6 6. Nf3 e6 7. Be2 O-O 8. O-O {E61: King's Indian: Early deviations for White, including Smyslov System.} Re8 9. h3 exd5 10. cxd5 {[#]} Bf5 $146 ({Predecessor:} 10... Na6 11. Nd2 Nc7 12. e4 Rb8 13. a4 b6 14. Rb1 Na6 15. Re1 Nb4 16. Bb5 Bd7 {1-0 (43) Ponkratov,P (2589)-Shcherbakov,R (2516) Sochi 2016}) 11. Nd2 Ne4 (11... Na6 $142 $1) 12. Ndxe4 $11 Bxe4 13. Bg4 (13. Bb5 $14 Re7 14. f3 (14. Nxe4 Rxe4 15. Bd3 Re8 $11)) 13... h5 14. Be2 Qg5 (14... Bxc3 $11 15. bxc3 Qg5) 15. f3 $16 Bxc3 16. bxc3 (16. Bb5 $1 $16 {[%cal Rb5e8]} Bf5 17. Bxe8 Bxh3 18. Qc2) 16... Bxd5 $11 17. e4 Qe5 18. Rb1 Bc6 19. c4 $36 {[%mdl 2048] White has some pressure.} Nd7 20. Qd2 Qd4+ 21. Qxd4 cxd4 22. Rd1 f5 $1 23. Rxd4 fxe4 24. f4 Nf8 ({Better is} 24... Re6 $11) 25. Rxd6 $14 Rad8 26. c5 Rxd6 27. cxd6 Kf7 (27... Rd8 $16) 28. Bc4+ $18 Kf6 {[#]} (28... Kg7 {keeps fighting.} 29. Kf2 Nd7 30. Bb2+ Kh6) 29. Kf2 (29. g4 $1 $18 {Threatening mate with Bb2+.} Kg7 30. Bb2+ Kh6 31. Bf7) 29... h4 $16 30. Ke3 {aiming for Bb2+.} Rd8 (30... Nd7 $16) 31. Bb2+ $18 Kf5 32. Be2 {[%csl Gh3][%cal Re2g4] This bishop pair is nice.} Ke6 33. Be5 Nd7 34. Kd4 {White is more active.} Nf6 (34... Nb6 $16 {was necessary.} 35. Bg4+ Kf7) 35. Rg1 (35. Bc4+ $18 {and White stays clearly on top.} Kf5 36. Rg1) 35... Ne8 $16 36. Bg4+ Kf7 37. Kc5 Bd7 (37... Nf6 $16 {was worth a try.}) 38. Bxd7 $18 Rxd7 {[%mdl 4096] Endgame KRB-KRN} 39. Re1 Ke6 {[%cal Re8d6]} 40. Rxe4 {[%cal Oe5f6]} Kf5 {To avoid Bf6} (40... Rf7 41. Re3 Rf5) 41. Re2 Rd8 42. Rb2 Rd7 (42... Ke6 $142 43. Rxb7 Nxd6 44. Rxa7 Ne4+ 45. Kb5 g5) 43. a4 Ke6 {[%cal Re8d6]} 44. Re2 Rf7 {[#]} 45. Bf6+ $1 {[%mdl 512]} Kd7 46. Re7+ ({Not} 46. Bxh4 Nxd6 47. g4 Ne8 $18) 46... Rxe7 47. Bxe7 {KB-KN} Ng7 48. Bxh4 {Black must now prevent Bg5.} Ne6+ 49. Kd5 Nxf4+ {[#]} 50. Ke5 $2 (50. Ke4 $1 $18 {[%cal Re4f4]} Ne6 51. Bf2) 50... Nxg2 $11 {The position is equal.} 51. Bg3 g5 52. Kf5 Nf4 $1 53. Bxf4 gxf4 54. Kxf4 {White wants to mate with Ke5.} Kxd6 {KPP-KPP} 55. Ke4 b6 56. h4 Ke6 57. Kd4 a6 58. h5 b5 59. axb5 axb5 60. Ke4 {Blacks defense is rewarded with a draw.  Weighted Error Value: White=0.17 (very precise) /Black=0.24 (precise)} 1/2-1/2

[Event "VIII Floripa Open 2022"]
[Site "Florianopolis"]
[Date "2022.01.30"]
[Round "9.10"]
[White "Lima, Darcy"]
[Black "Luz, Arthur Nader"]
[Result "1-0"]
[WhiteElo "2507"]
[BlackElo "2169"]
[Annotator "TA"]
[PlyCount "81"]
[EventDate "2022.01.24"]
[EventType "swiss"]
[EventCountry "BRA"]
[SourceTitle "playchess.com"]
[Source "ChessBase"]
[SourceQuality "1"]

{[%evp 12,81,0,3,0,2,0,0,0,-12,0,-19,-19,-8,-3,-13,-1,-12,35,12,56,0,33,28,89,74,74,62,53,0,0,0,0,0,0,0,0,0,0,0,27,33,22,22,112,114,165,193,349,370,510,512,610,428,580,547,813,802,780,767,1434,1393,29975,29976,29974,29975,29959,9662,29997,29998,29998,29999]} 1. c4 g6 2. Nc3 Bg7 3. Nf3 d6 4. g3 e5 5. Bg2 Nc6 6. d3 Nge7 7. Rb1 a6 {A26: English Opening vs King's Indian with ...Nc6 and d3.} 8. b4 Rb8 {[#]} 9. a4 $146 ({Predecessor:} 9. O-O O-O 10. a4 a5 11. bxa5 Nxa5 12. Bd2 Nac6 13. Nd5 Bd7 14. Ne1 Nxd5 15. cxd5 {0-1 (53) Leer Salvesen,B (2358)-Gullaksen,E (2378) Oslo 2008}) 9... a5 {The position is equal.} 10. bxa5 Nxa5 11. Nd5 O-O 12. O-O Nac6 13. Bg5 f6 14. Bd2 Be6 (14... Ra8 $11) 15. e4 Qd7 (15... Bg4 $11) 16. Bc3 (16. a5 $1 $14) 16... h6 (16... b6 {feels hotter.} 17. Qc2 g5 18. Rb5 Na7 19. Rb2 Nac6) 17. d4 {[%cal Bd3d4,Bd4d5][%mdl 32]} f5 (17... b6 $11 {keeps the balance.}) 18. Nxe7+ (18. dxe5 {is more complex.} fxe4 19. Nf6+ Bxf6 20. exf6 exf3 21. fxe7 Nxe7 22. Bxf3 Nf5 23. Re1) 18... Nxe7 (18... Qxe7 $2 19. d5 $18) 19. d5 Bf7 20. h4 ({White should try} 20. Nd2 $14) 20... fxe4 $11 21. Nd2 e3 22. fxe3 Nf5 23. Bh3 Qe7 24. Bxf5 gxf5 25. Rxf5 Bg6 26. Rxf8+ Rxf8 27. Rxb7 {Threatens to win with a5.} Qf7 {[#]} (27... h5 $11 {remains equal.}) 28. Qe1 $1 $16 {a5 is the strong threat.} Bd3 (28... h5 $16 29. a5 Bh6) 29. a5 $18 Ra8 (29... Qd7 {might work better.} 30. e4 h5) 30. e4 Bc2 31. Qe2 h5 32. Nf1 {[%cal Bd2f1,Bf1e3,Be3f5][%mdl 32]} Ba4 33. Ne3 Qg6 34. Nf5 {[#] Black must now prevent Ne7+.} Bf8 {To avoid Ne7+} 35. Qe3 Qf7 36. c5 dxc5 37. Qg5+ Kh7 38. Bxe5 Rc8 39. d6 {[%cal Rb7c7]} Qc4 40. Qxh5+ Kg8 41. Qg6+ {Weighted Error Value: White=0.13 (very precise) /Black=0.44} 1-0

[Event "VIII Floripa Open 2022"]
[Site "Florianopolis"]
[Date "2022.01.30"]
[Round "10.1"]
[White "Pichot, Alan"]
[Black "Supi, Luis Paulo"]
[Result "1/2-1/2"]
[WhiteElo "2625"]
[BlackElo "2581"]
[Annotator "TA"]
[PlyCount "38"]
[EventDate "2022.01.24"]
[EventType "swiss"]
[EventCountry "BRA"]
[SourceTitle "playchess.com"]
[Source "ChessBase"]
[SourceQuality "1"]

{[%evp 12,38,33,12,18,15,24,16,27,3,37,0,0,0,25,25,17,21,24,18,34,16,34,15,15,15,27,5,20]} 1. e4 c5 2. Nf3 d6 3. Bb5+ Bd7 4. Bxd7+ Nxd7 5. O-O Ngf6 6. Qe2 e6 7. b3 {7.d4 is the modern continuation.} Be7 {B50: Sicilian: 2...d6, Miscellaneous.} 8. c4 Qb6 9. Bb2 O-O 10. Nc3 {[#]} Rad8 $146 ({Predecessor:} 10... a6 11. Kh1 Rad8 12. d3 Ne5 13. Nxe5 dxe5 14. f4 exf4 15. Rxf4 Nd7 16. e5 Qc7 17. Rg4 {0-1 (74) Tripp,G (1828)-Geier,T ICCF email 2013}) 11. Rad1 Ne5 12. Rfe1 Nfd7 13. Na4 Qc7 14. d4 Nxf3+ 15. Qxf3 Bf6 16. Qg3 {Threatens to win with dxc5.} cxd4 17. Bxd4 a6 18. Nc3 h6 19. h3 Qa5 {Not much happened in this game.  Weighted Error Value: White=0.12 (very precise) /Black=0.08 (flawless)} 1/2-1/2

[Event "VIII Floripa Open 2022"]
[Site "Florianopolis"]
[Date "2022.01.30"]
[Round "10.2"]
[White "Cuenca Jimenez, Jose Fernando"]
[Black "Delgado Ramirez, Neuris"]
[Result "1/2-1/2"]
[WhiteElo "2552"]
[BlackElo "2614"]
[Annotator "TA"]
[PlyCount "69"]
[EventDate "2022.01.24"]
[EventType "swiss"]
[EventCountry "BRA"]
[SourceTitle "playchess.com"]
[Source "ChessBase"]
[SourceQuality "1"]

{[%evp 14,69,27,6,45,38,66,57,50,63,52,52,56,51,38,43,43,45,39,7,31,-20,-37,-15,-29,-19,-27,-36,-36,-39,-40,-38,-33,-41,0,0,0,0,10,4,18,8,47,51,51,56,34,33,34,31,55,30,37,0,52,0,25,0]} 1. e4 c5 2. Nf3 d6 3. d4 cxd4 4. Nxd4 Nf6 5. Nc3 a6 6. Be2 e5 7. Nb3 Be7 8. Be3 b6 {B92: Sicilian Najdorf: 6 Be2.} 9. g4 h6 {[#]} 10. h4 $146 {[%cal Bh2h4,Bh4g5][%mdl 32] White is more active.} ({Predecessor:} 10. f4 exf4 11. Bxf4 Bb7 12. Bf3 Nh7 13. Qd4 Ng5 14. Bxg5 hxg5 15. Nd5 Bxd5 16. Qxd5 Nd7 {½-½ (53) Keiper,R (1520)-Karas,N (2103) San Francisco 2011}) 10... Bb7 {White is slightly better.} 11. Bf3 Nbd7 12. g5 hxg5 13. hxg5 Rxh1+ 14. Bxh1 Nh7 {[%cal Bf6h7,Bh7g5,Bg5e6][%mdl 32]} 15. Qh5 Ndf8 {[%cal Re7g5]} 16. O-O-O (16. g6 {with more complications.} fxg6 17. Qe2 Bg5 18. O-O-O Bxe3+ 19. Qxe3 Ne6 20. Qd2) 16... Bxg5 17. Bxg5 (17. f4 $14 exf4 18. Bd4) 17... Qxg5+ $11 18. Qxg5 Nxg5 19. Rxd6 Nd7 20. Nd2 Ke7 21. Rd3 Rh8 22. Bg2 Ne6 23. Rh3 Rc8 (23... Rh6 $15 {deserves consideration.}) 24. Bf1 Nf4 25. Rh7 Rg8 26. a4 Nf6 27. Rh1 Rc8 28. f3 g6 29. Nc4 Nd7 30. Ne3 Nc5 31. Bc4 Nd7 32. Bb3 Bc6 33. Bc4 Bb7 34. Bb3 Bc6 35. Bc4 {Weighted Error Value: White=0.10 (very precise) /Black=0.08 (flawless)} 1/2-1/2

[Event "VIII Floripa Open 2022"]
[Site "Florianopolis"]
[Date "2022.01.30"]
[Round "10.3"]
[White "Bachmann, Axel"]
[Black "Mekhitarian, Krikor Sevag"]
[Result "0-1"]
[WhiteElo "2594"]
[BlackElo "2562"]
[Annotator "TA"]
[PlyCount "56"]
[EventDate "2022.01.24"]
[EventType "swiss"]
[EventCountry "BRA"]
[SourceTitle "playchess.com"]
[Source "ChessBase"]
[SourceQuality "1"]

{[%evp 24,56,-27,-39,-32,-37,-43,-46,-66,-75,-48,-52,-48,-83,-27,-83,-81,-80,-72,-87,-56,-111,-97,-240,-271,-259,-267,-365,-369,-383,-333,-332,-262,-670,-656]} 1. Nf3 d5 2. g3 Nf6 3. Bg2 e6 4. O-O c5 5. d3 Nc6 6. Nbd2 Be7 7. e4 O-O 8. e5 Nd7 9. Re1 Qc7 10. Qe2 b5 11. h4 a5 12. Nf1 Ba6 {12...Ba6 is better than 12...b4.} 13. Bf4 Rfc8 {C00: French: Unusual White 2nd moves.} 14. Ne3 {[%cal Oe3d5]} Qd8 15. h5 {[%cal Oe3d5]} h6 {Black is slightly better.} 16. Ng4 Bf8 17. c3 a4 {[#]} 18. a3 $146 ({Predecessor:} 18. Qc2 a3 19. bxa3 Qa5 20. Qc1 Kh7 21. Rb1 c4 22. d4 Qxa3 23. Qxa3 Bxa3 24. Ne3 {0-1 (59) Cosentino,A (1918)-Delizia,C ICCF email 2011}) 18... Na5 (18... b4 $17) 19. Ne3 (19. Qe3 $11 {remains equal.}) 19... Nb6 $17 20. Nd2 Nc6 {[%cal Ba5c6,Bc6d4,Bd4f3][%mdl 32]} 21. Nc2 Ra7 22. g4 (22. Nf3 $15) 22... b4 {[%cal Bb5b4,Bb4b3][%mdl 32] Threatens to win with ...b3.} (22... d4 {feels hotter.} 23. Bxc6 dxc3 24. Be4 Nd5 25. Qf3 Nxf4 26. Qxf4 cxd2 27. Qxd2 Rd7) 23. Nf3 {Now White is beyond hope.} (23. Red1 $17 {was called for.}) 23... b3 $19 24. Ne3 d4 25. cxd4 Nxd4 26. Qd2 Nxf3+ 27. Bxf3 Qxd3 28. Qa5 {[#]} (28. Qxd3 Bxd3 29. Rac1) 28... Nc4 {Weighted Error Value: White=0.55/Black=0.17 (very precise)} 0-1

[Event "VIII Floripa Open 2022"]
[Site "Florianopolis"]
[Date "2022.01.30"]
[Round "10.4"]
[White "Di Berardino, Diego Rafael"]
[Black "Hungaski, Robert"]
[Result "0-1"]
[WhiteElo "2480"]
[BlackElo "2521"]
[Annotator "TA"]
[PlyCount "68"]
[EventDate "2022.01.24"]
[EventType "swiss"]
[EventCountry "BRA"]
[SourceTitle "playchess.com"]
[Source "ChessBase"]
[SourceQuality "1"]

{[%evp 19,68,-6,-2,-2,3,0,16,10,26,29,29,20,54,-53,-42,-47,-50,-57,-65,-72,-38,-45,-52,-56,-4,-8,-7,-20,-21,-21,-24,-33,-25,-30,-14,-17,-21,-19,-15,-66,-61,-70,0,-31,0,-107,-116,-2615,-2347,-29984,-29984]} 1. d4 d5 2. c4 e6 3. Nc3 c5 4. e3 Nf6 5. Nf3 Nc6 6. a3 a6 7. dxc5 Bxc5 8. b4 Bd6 9. Bb2 O-O 10. Qc2 {10.Rc1 is the modern continuation.} Qe7 11. Rd1 {[%cal Rc4d5] D40: Queen's Gambit Declined: Semi-Tarrasch with 5 e3.} dxc4 12. Bxc4 b5 13. Bd3 {Black must now prevent Ne4. The position is equal.} Bb7 14. Ne4 Nxe4 15. Bxe4 Rac8 {[%cal Oc6b4]} 16. Qb1 (16. Bxh7+ $14 Kh8 17. Rxd6 (17. Qc3 $2 Ne5 $19) 17... Qxd6 18. Qe4) 16... f5 $15 {[#]} 17. Bd3 $146 ({Predecessor:} 17. Bc2 a5 18. O-O axb4 19. a4 bxa4 20. Bxa4 Na5 21. Qd3 Nc4 22. Ba1 {½-½ (47) Popov,R (2050)-Shukh,N (2377) Saratov 2008}) 17... a5 18. bxa5 Nxa5 19. Bxb5 Nc4 ({Don't play} 19... Bxa3 20. Bxa3 Qxa3 21. O-O Bxf3 22. gxf3 $11) 20. Bxc4 Rxc4 21. Be5 Bxa3 (21... Bxe5 $1 $15 22. Nxe5 {[#]} Bxg2 $1) 22. O-O $11 Bd5 23. Rd4 Rc5 {And now ...Bxf3 would win.} 24. Bg3 Rfc8 $36 {[%mdl 2048] Black is pushing.} 25. Rdd1 Rc2 26. Be5 Qf7 27. h3 Qg6 {Strongly threatening ...Bxf3.} 28. Bg3 h6 29. Qa1 ({Better is} 29. Nd4 $11 Rb2 30. Qd3 Qxg3 31. fxg3 Rxg2+ 32. Kh1 Rxg3+ 33. Nf3 (33. Kh2 Rg2+ 34. Kh1 Rd2+ 35. Kg1 Rxd3 $17) 33... Rxf3 34. Rxf3 (34. Kg1 $2 Rg3+ 35. Kh2 Bd6 $19) 34... Bxf3+ 35. Kh2 Bxd1 36. Qxd1) 29... Bb2 {Black is more active. A strong pair of Bishops.} 30. Qa5 R8c5 (30... Bf6 $15) 31. Qb6 (31. Qa7 $5 {[%cal Rf3e1]}) 31... Kh7 {Threatens to win with ...Bxf3.} 32. Rb1 (32. Ne1 $11 {remains equal.}) 32... Bf6 $17 33. Rfd1 $2 {[%mdl 8192]} (33. Kh2 $17) 33... Bxf3 $19 34. gxf3 {[#]} Rxf2 $1 {[%mdl 512] Weighted Error Value: White=0.68/Black=0.12 (very precise)} 0-1

[Event "VIII Floripa Open 2022"]
[Site "Florianopolis"]
[Date "2022.01.30"]
[Round "10.5"]
[White "Rodriguez Vila, Andres"]
[Black "Cubas, Jose Fernando"]
[Result "1-0"]
[WhiteElo "2473"]
[BlackElo "2469"]
[Annotator "TA"]
[PlyCount "47"]
[EventDate "2022.01.24"]
[EventType "swiss"]
[EventCountry "BRA"]
[SourceTitle "playchess.com"]
[Source "ChessBase"]
[SourceQuality "1"]

{[%evp 14,47,30,19,41,47,47,35,33,41,27,25,38,20,74,77,67,67,245,247,246,249,243,239,248,241,487,493,650,667,717,695,1081,792,909,902]} 1. e4 c5 2. Nf3 d6 3. d4 cxd4 4. Nxd4 Nf6 5. Nc3 a6 6. h3 g6 7. g4 {[%cal Bg2g4,Bg4g5][%mdl 32]} Bg7 8. Bg2 h5 {[%cal Rh5g4] B90: Sicilian Najdorf: Unusual White 6th moves, 6 Be3 Ng4 and 6 Be3 e5.} 9. g5 Nfd7 10. O-O Nc6 {White is slightly better.} 11. Nde2 {[%cal Bd4e2,Be2f4,Bf4h5,Bh5f6][%mdl 32]} b5 12. f4 {[%cal Bf2f4,Bf4f5][%mdl 32] [#]} O-O $146 ({Predecessor:} 12... Bb7 13. f5 Qb6+ 14. Kh1 Bxc3 15. Nxc3 Nce5 16. Nd5 Bxd5 17. exd5 Rc8 18. c3 b4 {1-0 (41) Faridani,A (2368)-Menendez Rodriguez,G (2309) ICCF email 2018}) 13. f5 Nce5 (13... Bxc3 $11 14. Nxc3 Bb7) 14. Nf4 $16 Bb7 15. Ncd5 Nb6 $2 {[#] Black cannot hold the game after this.} (15... Rc8 $14) 16. f6 $1 $18 exf6 17. gxf6 Bxf6 18. Nxf6+ Qxf6 19. Nxh5 Qh4 {[#]} (19... Qe6) 20. Nf6+ {White is clearly winning.} Kg7 21. Qxd6 Nbc4 22. Qe7 Rh8 {[%cal Ob7e4] Prevents Ne8+.} 23. Qxb7 Rad8 24. Qe7 {Weighted Error Value: White=0.04 (flawless) /Black=0.70} 1-0

[Event "VIII Floripa Open 2022"]
[Site "Florianopolis"]
[Date "2022.01.30"]
[Round "10.6"]
[White "Fier, Alexandr"]
[Black "Cadilhac, Igor Tokuichi Kikuch"]
[Result "1/2-1/2"]
[WhiteElo "2572"]
[BlackElo "2325"]
[Annotator "TA"]
[PlyCount "99"]
[EventDate "2022.01.24"]
[EventType "swiss"]
[EventCountry "BRA"]
[SourceTitle "playchess.com"]
[Source "ChessBase"]
[SourceQuality "1"]

{[%evp 9,99,15,17,10,25,23,14,20,30,30,46,35,29,20,32,31,50,25,31,17,28,0,0,-22,-10,-22,0,0,-15,-34,0,0,-3,-13,-17,-6,0,-9,-35,0,0,0,0,-8,-19,-9,0,-2,0,0,58,40,77,55,94,94,91,69,109,107,167,0,0,0,0,0,4,6,191,31,36,-7,0,-22,-6,-6,-6,-91,-87,-75,-11,-8,0,0,0,0,0,0,0,0,0,0]} 1. e4 e5 2. Bc4 Nf6 3. d3 c6 4. Nf3 Be7 5. O-O d6 6. a4 {C24: Bishop's Opening: 2...Nf6.} a5 7. Nc3 O-O 8. h3 Nbd7 9. Be3 h6 10. d4 {[#]} Nxe4 $146 ({Predecessor:} 10... Qc7 11. Qd2 Re8 12. Bxh6 gxh6 13. Qxh6 Nh7 14. Qg6+ Kh8 15. Bxf7 Rf8 16. dxe5 dxe5 {0-1 (29) Kaminski,R (1762)-Hirschinger,T (1997) Playchess.com INT 2020}) 11. Nxe4 d5 12. Ng3 dxc4 13. dxe5 Qc7 14. Bf4 {[%cal Oe5e6]} Nc5 15. Qc1 {[%cal Of4h6]} Qd7 16. Ne2 Qf5 17. Nfd4 Qh5 18. Re1 Rd8 19. Bh2 Bg5 20. f4 Bh4 21. Rf1 {[#]} Bxh3 22. gxh3 Qg6+ 23. Kh1 Qe4+ 24. Rf3 Ne6 25. Nc3 $1 Qxd4 26. f5 $132 {[%mdl 2048] White is not holding back} Ng5 27. Rf4 Qxe5 {[%cal Ob7b5] next ...b5! is good for Black.} 28. f6 Rd4 {Hoping for ...Rxf4.} 29. Rxh4 Qxf6 (29... Qf5 $1 $11 30. Rf4 Qxh3) 30. Rf4 $14 Qd8 31. Qf1 Rd2 32. h4 $1 ({But not} 32. Rxc4 b5 33. Rg4 (33. axb5 cxb5 34. Rg4 b4 $17) (33. Rxc6 b4 $17) 33... b4 $11) (32. Qxc4 Rxc2 33. Raf1 Qd7 $17) 32... Ne6 33. Rf2 ({Of course not} 33. Rxc4 Rxc2 34. Be5 Rxb2 $11) 33... Rd4 34. Bg3 Qb6 (34... Qe7 $16) 35. Rxf7 $2 (35. Re1 $1 $18) 35... Qxb2 $11 36. Rf3 Qxc2 37. Re1 Qg6 38. Qh3 Nf8 {[#]} (38... Re8 $11 {and Black stays safe.}) 39. Bf2 $2 (39. Be5 $1 $18 {[%cal Re5d4]} Rg4 40. h5) 39... Rd3 $14 40. Re7 (40. Rg1 $14 {is superior.} Rxf3 41. Qxf3) 40... Qf6 41. Rxf6 {White wants to mate with Qg4. Really sharp!} Rxh3+ 42. Kg2 {aiming for Rff7.} Rxc3 43. Rff7 {[#]} (43. Rd6 $1 $11 Rd3 44. Bd4 Rxd4 45. Rxd4) 43... Ne6 $1 $17 44. Rf5 {[#]} Rf8 45. Rxf8+ $11 {The position is equal.} Nxf8 46. Bd4 $1 Rd3 47. Rxg7+ Kh8 {White must now prevent ...Ne6.} 48. Rg4+ Kh7 {...h5 is the strong threat.} 49. Rg7+ Kh8 {Threatens to win with ...Ne6.} 50. Rg4+ {Weighted Error Value: White=0.20 (precise) /Black=0.21 (precise)} 1/2-1/2